| 000 | 00536nam a2200217Ia 4500 | ||
|---|---|---|---|
| 008 | 210210b1943 xxu||||| |||| 00| 0 eng d | ||
| 041 | _aeng | ||
| 082 | _a383/67 | ||
| 100 | _aELBOURNE (Edward Tregaskiss) | ||
| 245 | _aFundamentals of industrial administration Ed 3 | ||
| 250 | _a | ||
| 260 |
_aLondon _bMacdonald & Evans _c1943 |
||
| 300 | _axviii,644 | ||
| 650 | _aindustrial | ||
| 650 | _aFundamentals | ||
| 650 | _aEd | ||
| 650 | _aadministration | ||
| 650 | _a3 | ||
| 690 | _aIndustrial Management | ||
| 906 | _a005263 | ||
| 999 |
_c125178 _d125178 |
||